Ecoturismo : (Registro nro. 172662)
[ vista simple ]
| 000 -LEADER | |
|---|---|
| fixed length control field | 01286nam a22003731 4500 |
| 001 - CONTROL NUMBER | |
| control field | bslw10045606 |
| 006 - FIXED-LENGTH DATA ELEMENTS--ADDITIONAL MATERIAL CHARACTERISTICS--GENERAL INFORMATION | |
| fixed length control field | m o d |
| 007 - PHYSICAL DESCRIPTION FIXED FIELD--GENERAL INFORMATION | |
| fixed length control field | cr un ---uuuua |
| 008 - FIXED-LENGTH DATA ELEMENTS--GENERAL INFORMATION | |
| fixed length control field | 230418s2013 ck ob 000 0 spa d |
| 020 ## - INTERNATIONAL STANDARD BOOK NUMBER | |
| International Standard Book Number | 9789586489980 |
| 020 ## - INTERNATIONAL STANDARD BOOK NUMBER | |
| International Standard Book Number | 9789586489997 |
| Qualifying information | (e-ISBN) |
| 035 ## - | |
| -- | 38269 |
| 040 ## - CATALOGING SOURCE | |
| Original cataloging agency | UtOrBLW |
| Language of cataloging | eng |
| Description conventions | rda |
| Transcribing agency | UtOrBLW |
| 043 ## - | |
| -- | s-ck--- |
| 050 #4 - | |
| -- | G156.5.E26 |
| -- | J56 2013 |
| 082 04 - | |
| -- | 338.4791 |
| -- | 23 |
| 100 1# - MAIN ENTRY--PERSONAL NAME | |
| Personal name | Jiménez Bulla, Luis Hernando, |
| Relator term | author. |
| 245 10 - TITLE STATEMENT | |
| Title | Ecoturismo : |
| Remainder of title | oferta y desarrollo sistémico regional / |
| Statement of responsibility, etc | Luis Hernando Jiménez Bulla. |
| 250 ## - | |
| -- | Segunda edición. |
| 264 #1 - | |
| -- | Bogotá, Colombia : |
| -- | ECOE Ediciones, |
| -- | 2013. |
| 300 ## - PHYSICAL DESCRIPTION | |
| Extent | 1 online resource (xix, 183 pages) |
| 336 ## - | |
| -- | text |
| -- | txt |
| -- | rdacontent |
| 337 ## - | |
| -- | computer |
| -- | c |
| -- | rdamedia |
| 338 ## - | |
| -- | online resource |
| -- | cr |
| -- | rdacarrier |
| 490 1# - SERIES STATEMENT | |
| Series statement | Ecología y medio ambiente. Ecología |
| 504 ## - BIBLIOGRAPHY, ETC. NOTE | |
| Bibliography, etc | Includes bibliographical references. |
| 650 #0 - SUBJECT ADDED ENTRY--TOPICAL TERM | |
| Topical term or geographic name as entry element | Ecotourism. |
| 650 #0 - SUBJECT ADDED ENTRY--TOPICAL TERM | |
| Topical term or geographic name as entry element | Ecotourism |
| Geographic subdivision | Colombia. |
| 650 #0 - SUBJECT ADDED ENTRY--TOPICAL TERM | |
| Topical term or geographic name as entry element | Sustainable development. |
| 830 #0 - | |
| -- | Colección Textos universitarios (ECOE Ediciones). |
| -- | Área Ecología, medio ambiente y ciencias agrícolas. |
| 856 40 - LOCALIZACIÓN Y ACCESO ELECTRÓNICO | |
| Identificador Uniforme del Recurso (URI/URL) | https://app.vlex.com/#/sources/38269 |
| 942 ## - | |
| -- | RAA |
| 999 ## - | |
| -- | 172662 |
| -- | 172662 |
No hay ítems disponibles.